Niveles crecientes del fitogénico BioCholine en el comportamiento productivo de corderos en finalización / (Record no. 220614)
[ view plain ]
| 000 -CABECERA | |
|---|---|
| campo de control de longitud fija | 03130nam a2200361 a 4500 |
| 003 - IDENTIFICADOR DEL NÚMERO DE CONTROL | |
| campo de control | OSt |
| 005 - FECHA Y HORA DE LA ÚLTIMA TRANSACCIÓN | |
| campo de control | 20250617133114.0 |
| 007 - CAMPO FIJO DE DESCRIPCIÓN FÍSICA--INFORMACIÓN GENERAL | |
| campo de control de longitud fija | cr ||||||a|a|a |
| 008 - DATOS DE LONGITUD FIJA--INFORMACIÓN GENERAL | |
| campo de control de longitud fija | 250616s2025 mx a|||fom||| 001 0 spa d |
| 040 ## - FUENTE DE LA CATALOGACIÓN | |
| Normas de descripción | rda |
| 100 1# - ENTRADA PRINCIPAL--NOMBRE DE PERSONA | |
| Nombre de persona | Flores Avalos, José Ismael |
| 9 (RLIN) | 190471 |
| 245 10 - MENCIÓN DE TÍTULO | |
| Título | Niveles crecientes del fitogénico BioCholine en el comportamiento productivo de corderos en finalización / |
| Mención de responsabilidad, etc. | por José Ismael Flores Avavlos y Hazel Margarita Reyes Conde; director de tesis José Felipe Orzuna Orzuna; secretario Alejandro Lara Bueno; vocal Rodolfo Ramírez Valverde; suplente Juan Eduardo Godina Rodríguez; suplente Agustín Ruíz Flores. |
| 264 #1 - PRODUCCIÓN, PUBLICACIÓN, DISTRIBUCIÓN, FABRICACIÓN Y COPYRIGHT | |
| Producción, publicación, distribución, fabricación y copyright | Chapingo, México : |
| Nombre del de productor, editor, distribuidor, fabricante | El autor, |
| Fecha de producción, publicación, distribución, fabricación o copyright | 2024. |
| 300 ## - DESCRIPCIÓN FÍSICA | |
| Extensión | 1 recurso en línea (52 páginas): |
| Otras características físicas | cuadros, figuras. |
| 336 ## - TIPO DE CONTENIDO | |
| Fuente | rdacontent |
| Término de tipo de contenido | texto |
| Código de tipo de contenido | txt |
| 337 ## - TIPO DE MEDIO | |
| Fuente | rdamedia |
| Nombre/término del tipo de medio | computadora |
| Código del tipo de medio | c |
| 338 ## - TIPO DE SOPORTE | |
| Fuente | rdacarrier |
| Nombre/término del tipo de soporte | recurso en línea |
| Código del tipo de soporte | cr |
| 502 ## - NOTA DE TESIS | |
| Tipo de título | Ingeniero Agrónomo Especialista en Zootecnia |
| Nombre de la institución que otorga el título | Departamento de Enseñanza, Investigación y Servicio en Zootecnia, |
| Año de obtención del título | 2024. |
| Información miscelánea | Licenciatura |
| 504 ## - NOTA DE BIBLIOGRAFÍA, ETC. | |
| Nota de bibliografía, etc. | Incluye referencias bibliográficas: páginas 45-52. |
| 520 ## - SUMARIO, ETC. | |
| Sumario, etc. | El objetivo del presente estudio fue evaluar el efecto de la suplementación dietética con el aditivo fitogénico BioCholine® en el comportamiento productivo de corderos en finalización. Treinta y seis corderos Pelibuey machos (23.61 ± 0.57 kg de peso vivo) fueron utilizados para evaluar: peso corporal final (PCF), consumo de materia seca (CMS), variación del consumo diario de materia seca (VCMS) ganancia diaria de peso (GDP) y conversión alimenticia (CA). Los tratamientos experimentales consistieron en: dieta basal sin BioCholine® (N0B) y dieta basal más 2.5 (N1B), 5.0 (N2B) y 7.5 g (N3B) de BioCholine® kg-1 de MS. El periodo experimental fue de 56 días dividido en cuatro periodos secuenciados de 14 días. Los datos fueron analizados mediante el procedimiento PROC MIXED de SAS. El PCF y la VCMS no fueron afectados (p > 0.05) por los tratamientos. El CMS y la GDP incrementaron (p ≤ 0.05) en los corderos del tratamiento N3B en comparación con los otros tratamientos. La CA de los corderos de los tratamientos N2B y N3B fue menor (p ≤ 0.05) que en los corderos del tratamiento N0B. En conclusión, la inclusión de dosis altas (7.5 kg-1 MS) de BioCholine® puede ser utilizada como estrategia nutricional para mejorar consumo de alimento, tasa de crecimiento y eficiencia alimenticia en corderos alimentados con dietas altas en granos. |
| 650 #4 - PUNTO DE ACCESO ADICIONAL DE MATERIA--TÉRMINO DE MATERIA | |
| Término de materia o nombre geográfico como elemento de entrada | Ganado lanar |
| Subdivisión general | Engorda |
| 9 (RLIN) | 45175 |
| 650 #4 - PUNTO DE ACCESO ADICIONAL DE MATERIA--TÉRMINO DE MATERIA | |
| Término de materia o nombre geográfico como elemento de entrada | Ganado lanar |
| Subdivisión general | Nutrición |
| 9 (RLIN) | 45205 |
| 650 #4 - PUNTO DE ACCESO ADICIONAL DE MATERIA--TÉRMINO DE MATERIA | |
| Término de materia o nombre geográfico como elemento de entrada | Ganado lanar |
| Subdivisión general | Peso |
| 9 (RLIN) | 45211 |
| 650 #4 - PUNTO DE ACCESO ADICIONAL DE MATERIA--TÉRMINO DE MATERIA | |
| Término de materia o nombre geográfico como elemento de entrada | Nutrición animal |
| Subdivisión general | Aditivos |
| 9 (RLIN) | 145756 |
| 700 1# - PUNTO DE ACCESO ADICIONAL--NOMBRE DE PERSONA | |
| Nombre de persona | Reyes Conde, Hazel Margarita |
| 9 (RLIN) | 190472 |
| 700 1# - PUNTO DE ACCESO ADICIONAL--NOMBRE DE PERSONA | |
| Nombre de persona | Orzuna Orzuna, José Felipe |
| Término indicativo de función/relación | director de tesis |
| 9 (RLIN) | 137135 |
| 700 0# - PUNTO DE ACCESO ADICIONAL--NOMBRE DE PERSONA | |
| Nombre de persona | Lara Bueno, Alejandro |
| 9 (RLIN) | 64829 |
| Término indicativo de función/relación | secretario. |
| 700 0# - PUNTO DE ACCESO ADICIONAL--NOMBRE DE PERSONA | |
| Nombre de persona | Ramírez Valverde, Rodolfo |
| 9 (RLIN) | 94316 |
| Término indicativo de función/relación | vocal. |
| 700 1# - PUNTO DE ACCESO ADICIONAL--NOMBRE DE PERSONA | |
| Nombre de persona | Godina Roríguez, Juan Eduardo |
| 9 (RLIN) | 190654 |
| Término indicativo de función/relación | suplente. |
| 700 0# - PUNTO DE ACCESO ADICIONAL--NOMBRE DE PERSONA | |
| Nombre de persona | Ruiz Flores, Agustín |
| Término indicativo de función/relación | suplente |
| 9 (RLIN) | 100671 |
| 856 ## - LOCALIZACIÓN Y ACCESO ELECTRÓNICOS | |
| Identificador Uniforme del Recurso | http://10.13.5.2/tesis/tl/1610741-1_Y_1612041-1_FLORES_AVALOS_JOSEISMAEL_Y_REYES_CONDE_HAZELMARGARITA.pdf |
| Nota pública | DESCARGAR PDF |
| 942 ## - ELEMENTOS DE PUNTO DE ACCESO ADICIONAL (KOHA) | |
| Fuente del sistema de clasificación o colocación | Clasificación Universidad Autónoma Chapingo |
| Tipo de ítem Koha | Tesis digital |
| Estado de retiro | Estado de pérdida | Fuente del sistema de clasificación o colocación | Estado dañado | Restricciones de uso | No para préstamo | Código de colección | Localización permanente | Ubicación/localización actual | Ubicación en estantería | Fecha de adquisición | Total de préstamos | Signatura topográfica completa | Fecha visto por última vez | Precio válido a partir de | Tipo de ítem Koha |
|---|---|---|---|---|---|---|---|---|---|---|---|---|---|---|---|
| Clasificación Universidad Autónoma de Chapingo | Préstamo interno | Tesis digitales de Licenciatura | Biblioteca Digital | Biblioteca Digital | En línea | 16/06/2025 | Tesis digital | 16/06/2025 | 16/06/2025 | Tesis digital |
